000 01022nam a2200253Ia 4500
003 OSt
005 20200819211158.0
008 191128s2008 ck fr 000 0 spa d
020 _a9789587103786
040 _aCO-JMCR
_cCO-JMCR
045 0 _aspa
082 0 4 _a346.0920264 /
_bV124d
_223
100 1 _aValencia Copete, César Julio,
_eautor
_99005
245 1 0 _aDerecho de los títulos valores :
_bCorte Suprema de Justicia 1972-2008 /
_cCésar Julio Valencia Copete y Luis Ramón Garcés Díaz
250 _a2a. edición
260 _aBogotá :
_bUniversidad Externado de Colombia,
_c2008
300 _a781 páginas ;
_c24 cm.
504 _aBibliografía: páginas 761-765
505 0 _aAcción de cobro-competencia territorial (Acción cambiaria de cobro-fuero general o personal) -- Acción cambiaria de cobro-competencia territorial
650 1 4 _aAcción cambiaria
_99006
650 1 4 _aTítulos valores
_xlegislación
_zColombia
_99007
700 1 _aGarcés Díaz, Luis Ramón,
_eautor
_99008
942 _2ddc
_cBK
999 _c5779
_d5779